00325nam a2200121Ia 4500008004100000041000800041082001600049100002100065245004500086260002800131300003200159365001200191240624s9999 xx 000 0 und d aeng a338.927 RED aREDCLIFT MICHAEL aROUTLEDGE INTERNATIONAL HANDBOOK OF SUST c2015aLondonbRoutledge axxii, : 447 : p. : cm. ; 24 cGBPb30